Novela postupov účtovania pre podnikateľov a prechod na euro

Novela opatrenia MF SR č. 23054/2002-92, v ktorej sa uvádzajú postupy účtovania pri prechode na euro. Účtovné zápisy vykonané k 31.12.2008 a k 1.1.2009 musia byť doložené interným účtovným dokladom, vrátane prepočtov alebo odvolania na ďalšie doklady.

Salvato in:
Dettagli Bibliografici
Autore principale: Meluchová, Jitka, 1965-
Natura: Capitolo di libro
Lingua:slovacco
Soggetti:
Tags: Aggiungi Tag
Nessun Tag, puoi essere il primo ad aggiungerne!!

MARC

LEADER 00000naa$a2200000$$$4500
001 0093090
005 20240502072034.5
041 0 |a slo 
044 |a SK 
245 1 0 |a Novela postupov účtovania pre podnikateľov a prechod na euro  |c Jitka Meluchová 
520 |a Novela opatrenia MF SR č. 23054/2002-92, v ktorej sa uvádzajú postupy účtovania pri prechode na euro. Účtovné zápisy vykonané k 31.12.2008 a k 1.1.2009 musia byť doložené interným účtovným dokladom, vrátane prepočtov alebo odvolania na ďalšie doklady. 
610 2 0 |a účtovníctvo podvojné 
610 2 0 |a účtovanie 
610 2 0 |a euro 
610 2 0 |a koruna 
610 2 0 |a novelizácia 
610 2 0 |a predpisy právne 
100 1 |a Meluchová, Jitka, 1965-